Sports Quiz

Random Sports Quiz

Top Finnish F1 Driver Per Year Quiz Stats

 Plays Quiz not verified by Sporcle

Also try: ABA Teams
Challenge
Share
Tweet
Embed
Score 0/33 Timer 03:00
0 Plays Today
Year Driver % Correct
2017Valtteri Bottas
100%
1992Mika Häkkinen
99.7%
1994Mika Häkkinen
99.7%
1995Mika Häkkinen
99.7%
1996Mika Häkkinen
99.7%
1997Mika Häkkinen
99.7%
1998Mika Häkkinen
99.7%
1999Mika Häkkinen
99.7%
2000Mika Häkkinen
99.7%
2001Mika Häkkinen
99.7%
2002Kimi Räikkönen
99.7%
2003Kimi Räikkönen
99.7%
2004Kimi Räikkönen
99.7%
2005Kimi Räikkönen
99.7%
2006Kimi Räikkönen
99.7%
2007Kimi Räikkönen
99.7%
2008Kimi Räikkönen
99.7%
Year Driver % Correct
2009Kimi Räikkönen
99.7%
2012Kimi Räikkönen
99.7%
2013Kimi Räikkönen
99.7%
2015Kimi Räikkönen
99.7%
2016Kimi Räikkönen
99.4%
2014Valtteri Bottas
96%
2010Heikki Kovalainen
92.8%
2011Heikki Kovalainen
92.8%
1980Keke Rosberg
92%
1982Keke Rosberg
92%
1983Keke Rosberg
92%
1984Keke Rosberg
92%
1985Keke Rosberg
92%
1986Keke Rosberg
92%
1991JJ Lehto
73.6%
1993JJ Lehto
73.6%

You're not logged in!

Compare scores with friends on all Sporcle quizzes.
OR
Log In

You Might Also Like...

Show Comments

Extras

Top Quizzes Today


Score Distribution

Your Account Isn't Verified!

In order to create a playlist on Sporcle, you need to verify the email address you used during registration. Go to your Sporcle Settings to finish the process.

Report this User

Report this user for behavior that violates our Community Guidelines.

Details: